| 000 | 00363nam a2200121Ia 4500 | ||
|---|---|---|---|
| 008 | 220615s9999||||xx |||||||||||||| ||und|| | ||
| 245 | 0 | _aUltra Wideband | |
| 546 | _aEnglish[eng] | ||
| 650 | _aComputer networking & communications | ||
| 700 | _aLembrikov, Boris | ||
| 856 | _uhttps://mts.intechopen.com/storage/books/3674/authors_book/authors_book.pdf | ||
| 942 | _cEB | ||
| 999 |
_c8030 _d8030 |
||